|
|
|
|
| LEADER |
01001nam a2200241 a 4500 |
| 001 |
4094849 |
| 008 |
091108r19711927enk 000 0 eng d |
| 010 |
|
|
|a 73874483
|
| 040 |
|
|
|a DLC
|c DLC
|d DLC
|
| 082 |
0 |
0 |
|a 822.3
|2 17
|
| 100 |
1 |
|
|a Dekker, Thomas,
|d ca. 1572-1632.
|
| 245 |
1 |
4 |
|a The shoemakers' holiday :
|b a comedy \
|c Thomas Dekker, edited with introduction and notes by Wilfrid J. Halliday
|
| 260 |
|
|
|a Menston,
|b Scolar Press, ;
|a London :
|b Macmillan,
|c 1971.
|
| 300 |
|
|
|a xxxiv,128 p.
|c 17 cm.
|
| 541 |
1 |
|
|e 00019516
|
| 650 |
|
0 |
|a Mayors
|v Drama.
|
| 650 |
|
0 |
|a Shoemakers
|v Drama.
|
| 650 |
|
0 |
|a Social classes
|v Drama.
|
| 651 |
|
0 |
|a London (England)
|v Drama.
|
| 655 |
|
7 |
|a Comedies.
|2 gsafd
|
| 852 |
4 |
|
|a Ayesha Abed Library
|j General Shelf
|
| 999 |
|
|
|c 5299
|d 5299
|
| 952 |
|
|
|0 0
|1 0
|2 ddc
|4 0
|6 822_300000000000000_DEK_1971
|7 0
|9 5148
|a BRACUL
|b BRACUL
|c GEN
|d 2009-11-05
|e Radha Chakroborti
|l 4
|m 1
|o 822.3 DEK
|p 3010019516
|r 2025-05-27
|s 2025-05-24
|t 1
|w 2009-11-09
|y BK
|x Transferred from ENH to Ayesha Abed library on 20/12/2023
|